{"text_format":"2","workbook":"xlsx","n_sheets":4,"sheets":["数据字典出现单位","单位换算","前缀","能耗折算"],"not_rendered":{"charts":0,"images":0,"macros":0,"external_links":0,"defined_names":0,"comments":0,"pivot_tables":0},"unopened":[],"bounds":{"document_bytes":16777216,"sheet_cells":100000,"run_cost":"one","rows_first":2000,"rows_last":500,"rows_between":2000,"halvings":0,"cell_chars":16384,"cell_head_chars":4096},"cells_cut":0,"cells_raw":0,"read":"whole","date_system":"1900"}

{"sheet":"数据字典出现单位","index":0,"n_rows":78,"n_cols":21,"rows_kept":78,"cut":false,"hidden":false,"merged":[]}
[]
["长度","nm","μm","mm","m","km","英寸"]
["时间","μs","ms","s","min","h","天","年"]
["质量","g","kg","t"]
["温度","mK","K","℃"]
["电流","mA","A"]
["光强度","cd"]
["物质的量","mol"]
["平面角度","mrad","rad","°"]
["立体角度","Sr"]
["百分比","%","%RH","%FS"]
["数量","个","台","辆","路","相","段","条","根","阶","站","级","组","车次","层","户","支","档","次","人","人次"]
["货币","元"]
["存储容量","bit","MB","GB","TB"]
["面积","mm2","m2"]
["体积","m3","L"]
["速度","mm/s","m/s"]
["加速度","m/s2","重力加速度g"]
["密度","kg/m3"]
["力","N"]
["压强","Pa","kPa","MPa"]
["电压","mV","V","kV"]
["功率","W","kW","kVar","kVA","dBm"]
["能量","kWh","kVarh","kVAh"]
["电阻","Ω","kΩ","MΩ"]
["电容","pF"]
["光通量","lm"]
["照度","lux"]
["频率","Hz","kHz","MHz","GHz","次/h","次/天","rpm"]
["电量","mAh","Ah"]
["浊度","NTU"]
["声强","dB(A)"]
["角速度","°/s"]
["1/长度","1/m"]
["时间/时间","s/天"]
["质量/时间","kg/5min","g/h","kg/h","t/h"]
["质量/质量","g/kg.dra"]
["质量/体积","mg/L","mg/m3"]
["质量/面积","mg/m2","t/m2"]
["质量/(时间*面积)","t/(hm2)"]
["质量/(时间*面积*压强）","g/(hm2Pa)"]
["温度/时间","℃/min"]
["电流2*时间","A2s"]
["光强度/面积","cd/m2"]
["物质的量/时间","mol/h"]
["物质的量/体积","mol/L"]
["百分比/时间","%FS/年"]
["百分比/温度","%/℃","%RH/℃"]
["数量/时间","人次/min","人次/5min","车次/h","帧/s"]
["数量/面积","个/m2"]
["货币/质量","元/t"]
["货币/体积","元/L","元/m3"]
["货币/能量","元/kWh"]
["货币/面积","元/m2"]
["存储容量/时间","MB/s","GB/s","Mpps"]
["体积/时间","L/s","mL/min","L/h","m3/h","L/天","m3/天"]
["体积/质量","m3/kg"]
["体积/体积","mL/m3","ppm"]
["体积/能量","L/kWh"]
["体积/面积","L/m2"]
["体积/(时间*数量）","m3/(h人)"]
["体积/(时间*面积）","m3/(hm2)"]
["声强/长度","dB(A)/km"]
["力*长度","Nm"]
["压强/长度","Pa/m"]
["电压/长度","kV/mm"]
["电压/时间","V/μs"]
["功率/长度","W/m"]
["功率/温度","mW/℃"]
["功率/面积","W/m2","kW/m2"]
["功率/(长度*温度)","W/(mK)"]
["功率/(面积*温度)","W/(m2K)"]
["能量/质量","kJ/kg.dra"]
["能量/面积","kJ/m2"]
["电阻*长度","Ωm"]
["电阻/长度","Ω/m"]
["电容/长度","nF/m"]
["增益","dBi"]

{"sheet":"单位换算","index":1,"n_rows":297,"n_cols":9,"rows_kept":297,"cut":false,"hidden":false,"merged":[[211,1,212,1],[213,1,214,1],[215,1,216,1],[193,1,194,1],[195,1,196,1],[197,1,198,1],[199,1,200,1],[201,1,202,1],[203,1,204,1],[181,1,182,1],[183,1,184,1],[185,1,186,1],[187,1,188,1],[189,1,190,1],[191,1,192,1],[205,0,206,0],[207,0,208,0],[209,0,210,0],[181,0,182,0],[183,0,184,0],[185,0,186,0],[187,0,188,0],[189,0,190,0],[191,0,192,0],[205,1,206,1],[207,1,208,1],[209,1,210,1],[211,0,212,0],[213,0,214,0],[215,0,216,0],[193,0,194,0],[195,0,196,0],[197,0,198,0],[199,0,200,0],[201,0,202,0],[203,0,204,0],[171,0,172,0],[171,1,172,1],[173,0,174,0],[175,0,176,0],[177,0,178,0],[179,0,180,0],[173,1,174,1],[175,1,176,1],[177,1,178,1],[179,1,180,1],[165,0,166,0],[165,1,166,1],[167,0,168,0],[167,1,168,1],[169,0,170,0],[169,1,170,1],[159,0,160,0],[159,1,160,1],[161,0,162,0],[161,1,162,1],[163,0,164,0],[163,1,164,1],[156,0,157,0],[156,1,157,1],[150,0,151,0],[150,1,151,1],[152,1,153,1],[152,0,153,0],[142,0,143,0],[142,1,143,1],[144,0,148,0],[144,1,148,1],[119,0,126,0],[119,1,126,1],[127,0,137,0],[127,1,137,1],[107,0,109,0],[107,1,109,1],[110,0,117,0],[110,1,117,1],[97,0,100,0],[97,1,100,1],[101,0,104,0],[101,1,104,1],[105,0,106,0],[105,1,106,1],[71,0,78,0],[71,1,78,1],[79,0,87,0],[79,1,87,1],[88,0,96,0],[88,1,96,1],[62,0,67,0],[62,1,67,1],[68,0,70,0],[68,1,70,1],[53,0,59,0],[53,1,59,1],[45,0,49,0],[45,1,49,1],[1,0,18,0],[1,1,18,1],[19,0,24,0],[19,1,24,1],[25,0,44,0],[25,1,44,1],[219,0,220,0],[219,1,220,1],[221,0,222,0],[221,1,222,1],[223,0,224,0],[223,1,224,1],[225,0,226,0],[225,1,226,1],[227,0,228,0],[227,1,228,1],[229,0,230,0],[229,1,230,1],[231,0,232,0],[231,1,232,1],[233,0,234,0],[233,1,234,1],[235,0,236,0],[235,1,236,1],[237,0,238,0],[237,1,238,1],[239,0,240,0],[239,1,240,1],[241,0,242,0],[241,1,242,1],[243,0,244,0],[243,1,244,1],[245,0,246,0],[245,1,246,1],[249,0,250,0],[249,1,250,1],[247,0,248,0],[247,1,248,1],[251,0,252,0],[251,1,252,1],[253,0,254,0],[253,1,254,1],[255,0,256,0],[255,1,256,1],[257,0,258,0],[257,1,258,1],[259,0,262,0],[259,1,262,1],[263,0,264,0],[263,1,264,1],[265,0,266,0],[267,0,268,0],[267,1,268,1],[265,1,266,1],[269,0,270,0],[269,1,270,1],[271,0,272,0],[271,1,272,1],[273,0,274,0],[273,1,274,1],[275,0,276,0],[275,1,276,1],[277,0,278,0],[277,1,278,1],[279,0,280,0],[279,1,280,1],[291,0,292,0],[291,1,292,1],[293,0,294,0],[293,1,294,1],[295,0,296,0],[295,1,296,1],[281,0,282,0],[281,1,282,1],[283,0,284,0],[283,1,284,1],[285,0,286,0],[285,1,286,1],[287,0,288,0],[287,1,288,1],[289,0,290,0],[289,1,290,1]]}
["单位","标准/导出单位","名称","符号","换算系数","备注","出现的前缀单位","出现的计算单位","出现的其他写法"]
["长度","m","米","m",1,"可加前缀p,n,μ,m,c,d,k","nm,μm,mm,km"]
[null,null,"毫",null,30000]
[null,null,"厘",null,3000]
[null,null,"分",null,300]
[null,null,"寸",null,30]
[null,null,"尺",null,3]
[null,null,"丈",null,0.3]
[null,null,"里",null,2E-3]
[null,null,"公里",null,1E-3]
[null,null,"英寸","in",39.370078700000001]
[null,null,"英尺","ft",3.2808399000000001]
[null,null,"码","yd",1.0936132999999999]
[null,null,"英里","mi",{"$f":"1/1609.344","v":6.2137119223733392E-4}]
[null,null,"海里","nmi",{"$f":"1/1852","v":5.3995680345572358E-4}]
[null,null,"英寻","fm",{"$f":"1/1.8288","v":0.54680664916885391}]
[null,null,"弗隆","fur",{"$f":"1/201.168","v":4.9709695378986713E-3}]
[null,null,"光年","ly",{"$f":"1/(9.460730472581*10^15)","v":1.0570008340245931E-16}]
[null,null,"天文单位","AU",{"$f":"1/(1.496*10^11)","v":6.6844919786096254E-12}]
["时间","s","秒","s",1,"可加前缀p,n,μ,m","μs,ms"]
[null,null,"分","min",{"$f":"1/60","v":1.6666666666666666E-2}]
[null,null,"时","h",{"$f":"1/60/60","v":2.7777777777777778E-4}]
[null,null,"天","d",{"$f":"1/60/60/24","v":1.1574074074074073E-5}]
[null,null,"周","week",{"$f":"1/60/60/24/7","v":1.6534391534391533E-6}]
[null,null,"年","yr",{"$f":"1/60/60/24/365","v":3.1709791983764586E-8}]
["质量","kg","千克","kg",1]
[null,null,"克","g",1000,"可加前缀p,n,μ,m"]
[null,null,"吨","t",1E-3]
[null,null,"分",null,500000]
[null,null,"克拉","ct",5000]
[null,null,"钱",null,200]
[null,null,"两",null,20]
[null,null,"斤",null,2]
[null,null,"公斤",null,1,"等于1kg"]
[null,null,"担",null,0.02]
[null,null,"公担","q",0.01]
[null,null,"格令","gr",15432.358352900001]
[null,null,"盎司","oz",35.273961900000003]
[null,null,"磅","lb",2.2046226]
[null,null,"短吨","st",{"$f":"1/907.18474","v":1.1023113109243879E-3}]
[null,null,"长吨","lt",{"$f":"1/1016.0469088","v":9.8420652761106058E-4}]
[null,null,"英担",null,{"$f":"1/50.8023454","v":1.9684130567719813E-2}]
[null,null,"美担",null,{"$f":"1/45.359237","v":2.2046226218487758E-2}]
[null,null,"英石","st",{"$f":"1/6.3502932","v":0.15747304392181449}]
[null,null,"打兰","dr",564.38339120000001]
["温度","K","开尔文","K",1,"可加前缀m","mK"]
[null,null,"摄氏度","℃","℃=K-273.5","换算方法不同"]
[null,null,"华氏度","℉","℉=K×1.8-459.67","换算方法不同"]
[null,null,"列氏度","°Re","°Re=(K-273.15)×0.8","换算方法不同"]
[null,null,"兰氏度","°R","°R=K×1.8","换算方法不同"]
["电流","A","安培","A",1,"可加前缀p,n,μ,m,k","mA"]
["发光强度","cd","坎德拉","cd",1]
["物质的量","mol","摩尔","mol",1,"可加前缀p,n,μ,m,k"]
["平面角","1(rad)","弧度","rad",1,"可加前缀m","mrad"]
[null,null,"秒","″",{"$f":"1/3.1415926/2*360*60*60","v":206264.80976559466}]
[null,null,"分","′",{"$f":"1/3.1415926/2*360*60","v":3437.7468294265777}]
[null,null,"度","°",{"$f":"1/3.1415926/2*360","v":57.295780490442965}]
[null,null,"圆周",null,{"$f":"1/3.1415926/2","v":0.15915494580678602}]
[null,null,"直角",null,{"$f":"1/3.1415926*2","v":0.63661978322714408}]
[null,null,"百分度","gon",{"$f":"1/3.1415926*2*100","v":63.661978322714404}]
["立体角","1(Sr)","球面度","Sr",1]
[]
["数量",1,"个","个",1,"具体情况写法不同",null,null,"台，辆，路，相，段，条，根，阶，站，级，组，层，户，支，档，次，车次，人，人次"]
[null,null,"百分之","%",100,"具体情况写法不同",null,null,"FS%，RH%，LEL%"]
[null,null,"百万分之","ppm",{"$f":"10^6","v":1000000},"用于气体、溶液浓度，百分比等"]
[null,null,"十亿分之","ppb",{"$f":"10^9","v":1000000000},"用于气体、溶液浓度，百分比等"]
[null,null,"万亿分之","ppt",{"$f":"10^12","v":1000000000000},"用于气体、溶液浓度，百分比等"]
[null,null,"分贝","dB","dB=10×lgX","换算方法不同；具体情况写法不同；用于声强、功率增益等",null,null,"dB(A)；dBi；dBd"]
["货币","1(元)","元",null,1,"未考虑外币"]
[null,null,"分",null,100]
[null,null,"角",null,10]
["存储容量","1(bit)","比特","bit",1,"前缀意义不同"]
[null,null,"字节","B",{"$f":"1/8","v":0.125},"也写作Bytes"]
[null,null,"千字节","kB",{"$f":"1/8/1024","v":1.220703125E-4}]
[null,null,"兆字节","MB",{"$f":"1/8/1024/1024","v":1.1920928955078125E-7}]
[null,null,"千兆字节","GB",{"$f":"1/8/1024/1024/1024","v":1.1641532182693481E-10}]
[null,null,"太字节","TB",{"$f":"1/8/1024/1024/1024/1024","v":1.1368683772161603E-13}]
[null,null,"拍字节","PB",{"$f":"1/8/1024/1024/1024/1024/1024","v":1.1102230246251565E-16}]
[null,null,"艾字节","EB",{"$f":"1/8/1024/1024/1024/1024/1024/1024","v":1.0842021724855044E-19}]
["面积","m2","平方米","m2",1]
[null,null,"平方（长度）","*2或sq.*","k2","基本单位计算",null,"mm2"]
[null,null,"公顷","ha",1E-4]
[null,null,"亩",null,1.5E-3]
[null,null,"公亩","are",0.01]
[null,null,"英亩","acre",{"$f":"1/4046.8564224","v":2.4710538146716532E-4}]
[null,null,"平方竿","sq.rd",{"$f":"1/25.2928526","v":3.9536861097272988E-2}]
[null,null,"顷",null,1.5E-5]
[null,null,"分",null,1.4999999999999999E-2]
["体积","m3","立方米","m3"]
[null,null,"立方（长度）","*3或cu.*","k3","基本单位计算"]
[null,null,"升","L",1000,"可加前缀μ,m,c,d；等于1dm3"]
[null,null,"公石","hl",10]
[null,null,"亩英尺",null,{"$f":"1/1233.4818375","v":8.1071319382114535E-4}]
[null,null,"英制加仑","uk.gal",219.96915730000001]
[null,null,"美制加仑","us.gal",264.17205239999998]
[null,null,"英制液体盎司","uk.oz",35198.873635999997]
[null,null,"美制液体盎司","us.oz",34164.673727399997]
["速率或速度","m/s","米每秒","m/s",1]
[null,null,"（长度）每（时间）","*/*","k长度/k时间","基本单位计算",null,"mm/s"]
[null,null,"马赫","mach",{"$f":"1/340.3","v":2.9385836027034967E-3}]
[null,null,"光速","c",{"$f":"1/299792458","v":3.3356409519815204E-9}]
["加速度","m/s2","米每平方秒","m/s2",1]
[null,null,"（长度）每平方（时间）","*/*2","k长度/k时间2","基本单位计算"]
[null,null,"伽","gal",100,"等于1cm/s2"]
[null,null,"重力加速度g","g",{"$f":"1/9.80665","v":0.10197162129779283}]
["密度","kg/m3","千克每立方米","kg/m3",1]
[null,null,"（质量）每（体积）","*/*","k质量/k体积","基本单位计算"]
["力或重力","kg·m/s2","牛顿","N",1,"可加前缀k；等于1/9.80665kgf"]
[null,null,"（质量）力","*f","k质量/9.80665","基本单位计算"]
[null,null,"达因","dyn",100000]
["压强或应力","kg/s2·m","帕斯卡","Pa",1,"可加前缀k,M；等于1N/m3","kPa,MPa"]
[null,null,"（力）每（面积）","*/*","k力/k面积","基本单位计算"]
[null,null,"百帕",null,0.01]
[null,null,"巴","bar",1.0000000000000001E-5,"可加前缀m"]
[null,null,"标准大气压",null,{"$f":"1/101080","v":9.8931539374752665E-6}]
[null,null,"毫米水柱","mmH2O",0.10197199999999999]
[null,null,"毫米汞柱","mmHg",{"$f":"1/133.3223684","v":7.5006168282261039E-3}]
[null,null,"英寸汞柱","inHg",{"$f":"1/3386.3881579","v":2.9529987507992286E-4}]
["电势或电压或电动势","kg·m2/A·s3","伏特","V",1,"可加前缀μ,m,k；等于1J/C","mV,kV"]
["功率或辐射通量","kg·m2/s3","瓦特","W",1,"可加前缀m,k,M,G；等于1J/s；等于1N·m/s","kW，MW，GW"]
[null,null,"（能量）每（时间）","*/*","k能量/k时间","基本单位计算"]
[null,null,"（力）（长度）每（时间）","*·*/*","k力·k长度/k时间","基本单位计算"]
[null,null,"米制马力","ps",{"$f":"1/735.49875","v":1.3596216173039043E-3}]
[null,null,"英制马力","hp",{"$f":"1/745.699872","v":1.3410220888438076E-3}]
[null,null,"乏","Var",1,"可加前缀m,k","kVar"]
[null,null,"伏安","VA",1,"可加前缀m,k","kVA"]
[null,null,"分贝毫瓦","dBm","dBm=10×lg(mW)","换算方法不同；也写作dBmW"]
["能量或功或热量","kg·m2/s2","焦耳","J",1,"可加前缀k,M,G；等于1W·s；等于1N·m","kJ，MJ，GJ"]
[null,null,"(功率)(时间)","*·*","k功率·k时间","基本单位计算",null,"kWh，kVarh，kVAh，Wh，MWh，GWh","kWhc，kWhh"]
[null,null,"(力)(长度)","*·*","k力·k长度","基本单位计算"]
[null,null,"度",null,{"$f":"1/3600000","v":2.7777777777777776E-7},"等于1kWh"]
[null,null,"卡","cal",0.2389,"可加前缀k"]
[null,null,"英热单位","btu",{"$f":"1/1055.0558526","v":9.4781712033128432E-4}]
[null,null,"折千克标煤","kgce",{"$f":"1/29306000","v":3.412270524807207E-8}]
[null,null,"折吨标煤","tce",{"$f":"1/29306000000","v":3.4122705248072065E-11}]
[null,null,"折千克二氧化碳","kgCO2",{"$f":"E135*2560","v":8.735412543506449E-8}]
[null,null,"折吨二氧化碳","tCO2",{"$f":"E135*2560/1000","v":8.7354125435064494E-11}]
[null,null,"折公顷森林面积","ha",{"$f":"E135*1.2032","v":4.1056438954480313E-11}]
["电阻","kg·m2/A2·s3","欧姆","Ω",1,"可加前缀k,M；等于1V/A","kΩ,MΩ"]
["电容量","A2·s4/kg·m2","法拉","F",1,"可加前缀p,n,μ,m；等于1C/V","pF"]
["光通量","cd·1(Sr)","流明","lm",1,"等于1cd·Sr"]
["光照度","cd·1(Sr)/m2","勒克斯","lux",1,"等于1cd·Sr/m2"]
["频率","1/s","赫兹","Hz",1,"可加前缀k,M,G；等于1/s","kHz,MHz,GHz"]
[null,null,"（数量）每（时间）","*/*","k数量/k时间","基本单位计算；具体情况写法不同",null,"次/h，次/天，rpm","（次/h），（次/天），（rpm）"]
["电荷量或电量","A·s","库伦","C",1,"可加前缀k,M,G；等于1A·s"]
[null,null,"（电流）（时间）","*·*","k电流·k时间","基本单位计算",null,"mAh，Ah"]
[null,null,"CGS静电系电量单位","esu",{"$f":"3*10^9","v":3000000000}]
[null,null,"CGS电磁系电量单位","emu",0.1]
[null,null,"单个电子带电量","e",{"$f":"1/(1.6021892*10^-19)","v":6.2414601221878159E+18}]
["电导","A2·s3/kg·m2","西门子","S",1,"可加前缀μ,m；等于1A/V；等于1/Ω"]
["磁通量密度或磁感应强度","kg/A·s2","特斯拉","T",1,"可加前缀μ,m；等于1N/A·m"]
[null,null,"高斯","Gs",10000]
["磁通量","kg·m2/A·s2","韦伯","Wb",1,"等于1T·m2"]
[null,null,"麦克斯韦","Mx",{"$f":"10^8","v":100000000}]
["电感","kg·m2/A2·s2","亨利","H",1,"可加前缀μ,m；等于1V·s/A"]
["放射性活度","1/s","贝克勒尔","Bq",1,"等于1/s"]
["吸收剂量","m2/s2","戈瑞","Gy",1,"可加前缀k,M；等于1J/kg"]
[null,null,"拉德","rad",100,"可加前缀k,M"]
["剂量当量","m2/s2","希沃特","Sv",1,"可加前缀μ,m；等于1J/kg"]
["催化活性","mol/s","卡塔尔","kat",1,"可加前缀μ,m；等于1mol/s"]
[null,null,"活力单位","IU",60]
["角速度","1(rad)/s","弧度每秒","rad/s",1]
[null,null,"（平面角）每（时间）","*/*","k平面角/k时间","基本单位计算",null,"°/s"]
["力矩","kg·m2/s2","牛米","Nm",1]
[null,null,"力·长度","*·*","k力·k长度","基本单位计算"]
["波数","1/m","每米","1/m"]
[null,null,"每（长度）","1/*","1/k长度","基本单位计算"]
["比体积","m3/kg","立方米每千克","m3/kg",1]
[null,null,"（体积）每（质量）","*/*","k体积/k质量","基本单位计算"]
["物质浓度","mol/m3","摩每立方米","mol/m3",1]
[null,null,"（物质的量）每（体积）","*/*","k物质的量/k体积","基本单位计算",null,"mol/L"]
["摩尔体积","m3/mol","立方米每摩","m3/mol",1]
[null,null,"（体积）每（物质的量）","*/*","k体积/k物质的量","基本单位计算"]
["熵","kg·m2/s2·K","焦每开","J/K",1]
[null,null,"(能量）每（温度）","*/*","k能量/k温度","基本单位计算；换算方法不同"]
["摩尔热容量或摩尔熵","kg·m2/s2·mol·K","焦每摩开","J/(molK)",1]
[null,null,"（能量）每（物质的量）（温度）","*/（*·*）","k能量/(k物质的量·k温度）","基本单位计算；换算方法不同"]
["比热容量或比熵","m2/s2·K","焦每千克开","J/(kgK)",1]
[null,null,"（能量）每（质量）（温度）","*/（*·*）","k能量/(k质量·k温度）","基本单位计算；换算方法不同"]
["摩尔能","kg·m2/s2·mol","焦每摩","J/mol",1]
[null,null,"（能量）每（物质的量）","*/*","k能量/k物质的量","基本单位计算"]
["比能","m2/s2","焦每千克","J/kg",1]
[null,null,"（能量）每（质量）","*/*","k能量/k质量","基本单位计算"]
["能量密度","kg/m·s2","焦每立方米","J/m3",1]
[null,null,"（能量）每（体积）","*/*","k能量/k体积","基本单位计算"]
["表面张力","kg/s2","牛每米","N/m",1]
[null,null,"（力）每（长度）","*/*","k力/k长度","基本单位计算"]
["热通量密度或辐射照度或功率密度","kg/s3","瓦每平方米","W/m2",1]
[null,null,"（功率）每（面积）","*/*","k功率/k面积","基本单位计算",null,"kW/m2"]
["导热系数","kg·m/s3·K","瓦每开米","W/(Km)",1]
[null,null,"（功率）每（温度）（长度）","*/（*·*）","k功率/(k温度·k长度）","基本单位计算；换算方法不同"]
["动粘度","m2/s","平方米每秒","m2/s",1]
[null,null,"（面积）每（时间）","*/*","k面积/k时间","基本单位计算"]
["粘度","kg/m·s","帕秒","Pa·s",1]
[null,null,"（压强）（时间）","*·*","k压强·k时间","基本单位计算"]
["电荷密度","A·s/m3","库每立方米","C/m3",1]
[null,null,"（电荷量）每（体积）","*/*","k电荷量/k体积","基本单位计算"]
["电流密度","A/m2","安每平方米","A/m2",1]
[null,null,"（电流）每（面积）","*/*","k电流/k面积","基本单位计算"]
["电导率","A2·s3/kg·m3","西每米","S/m",1]
[null,null,"（电导）每（长度）","*/*","k电导/k长度","基本单位计算"]
["摩尔电导","A2·s3/kg·mol","西平方米每摩","Sm2/mol",1]
[null,null,"（电导）（面积）每（物质的量）","*·*/*","k电导·k面积/k物质的量","基本单位计算"]
["介电常数或电容率","A2·s4/kg·m3","法每米","F/m",1]
[null,null,"（电容量）每（长度）","*/*","k电容量/k长度","基本单位计算"]
["磁导率","kg·m/A2·s2","亨每米","H/m",1]
[null,null,"（电感）每（长度）","*/*","k电感/k长度","基本单位计算"]
["电场强度","kg·m/A·s3","伏每米","V/m",1]
[null,null,"（电压）每（长度）","*/*","k电压/k长度","基本单位计算",null,"kV/mm"]
["磁场强度","A/m","安每米","A/m",1]
[null,null,"（电流）每（长度）","*/*","k电流/k长度","基本单位计算"]
["亮度","cd/m2","坎每平方米","cd/m2",1]
[null,null,"（发光强度）每（面积）","*/*","k发光强度/k面积","基本单位计算"]
["照射或曝露","A·s/kg","库每千克","C/kg",1]
[null,null,"（电荷量）每（质量）","*/*","k电荷量/k质量","基本单位计算"]
["吸收剂量率","m2/s3","戈每秒","Gy/s",1]
[null,null,"（吸收剂量）每（时间）","*/*","k吸收剂量/k时间","基本单位计算"]
["浊度",null,"散射浊度单位","NTU",1]
[]
["物质的量/时间","mol/s","摩每秒","mol/s",1]
[null,null,"（物质的量）每（时间）","*/*","k物质的量/k时间","基本单位计算",null,"mol/h"]
["1/长度","1/m","每秒","1/m",1]
[null,null,"每（时间）","1/*","1/k时间","基本单位计算"]
["时间/时间",1,"秒每秒","s/s",1]
[null,null,"（时间）每（时间）","*/*","k时间1/k时间2","基本单位计算",null,"s/天"]
["质量/时间","kg/s","千克每秒","kg/s",1]
[null,null,"（质量）每（时间）","*/*","k质量/k时间","基本单位计算",null,"g/h，kg/h，t/h，kg/5min"]
["质量/质量",1,"千克每千克","kg/kg",1]
[null,null,"（质量）每（质量）","*/*","k质量1/k质量2","基本单位计算；具体情况写法不同",null,"g/kg.dra","（g/kg.dra）"]
["质量/体积","kg/m3","千克每立方米","kg/m3",1]
[null,null,"（质量）每（体积）","*/*","k质量/k体积","基本单位计算",null,"mg/L，mg/m3"]
["质量/面积","kg/m2","千克每平方米","kg/m2",1]
[null,null,"（质量）每（面积）","*/*","k质量/k面积","基本单位计算",null,"mg/m2，t/m2"]
["质量/(时间*面积)","kg/s·m2","千克每秒平方米","kg/(sm2)",1]
[null,null,"（质量）每（时间）（面积）","*/*·*","k质量/k时间·k面积","基本单位计算",null,"t/(hm2)"]
["质量/(时间*面积*压强）","s/m","千克每秒平方米帕","kg/(sm2Pa)",1]
[null,null,"（质量）每（时间）（面积）（压强）","*/*·*·*","k质量/k时间·k面积·k压强","基本单位计算",null,"g/(hm2Pa)"]
["温度/时间","K/s","开尔文每秒","K/s",1]
[null,null,"（温度）每（时间）","*/*","k温度/k时间","基本单位计算；换算方法不同",null,"℃/min"]
["电流2*时间","A2·s","安培平方秒","A2s",1]
[null,null,"（电流）平方（时间）","*2·*","k电流2·k时间","基本单位计算"]
["百分比/时间","1/s","百分之每秒","%/s",1]
[null,null,"（百分比）每（时间）","*/*","k百分比/k时间","基本单位计算；具体情况写法不同",null,"%FS/年","（%FS/年）"]
["百分比/温度","1/K","百分之每开尔文","%/K",1]
[null,null,"（百分比）每（温度）","*/*","k百分比/k温度","基本单位计算；换算方法不同；具体情况写法不同",null,"%/℃，%RH/℃","（%RH/℃）"]
["数量/时间","1/s","个每秒","个/s",1]
[null,null,"（数量）每（时间）","*/*","k数量/k时间","基本单位计算；具体情况写法不同",null,"人次/min，人次/5min，车次/h，帧/s","（人次/min），（人次/5min），（车次/h），（帧/s）"]
["数量/长度","1/m","个每米","个/m",1]
[null,null,"（数量）每（长度）","*/*","k数量/k长度","基本单位计算；具体情况写法不同",null,"dB(A)/km","（dB(A)/km）"]
["数量/面积","1/m2","个每平方米","个/m2",1]
[null,null,"（数量）每（面积）","*/*","k数量/k面积","基本单位计算；具体情况写法不同"]
["货币/质量","1/kg","元每千克","元/kg",1]
[null,null,"（货币）每（质量）","*/*","k货币/k质量","基本单位计算",null,"元/t"]
["货币/体积","1/m3","元每立方米","元/m3",1]
[null,null,"（货币）每（体积）","*/*","k货币/k体积","基本单位计算",null,"元/L"]
["货币/能量","s2/kg·m2","元每焦","元/J",1]
[null,null,"（货币）每（能量）","*/*","k货币/k能量","基本单位计算",null,"元/kWh"]
["货币/面积","1/m2","元每平方米","元/m2",1]
[null,null,"（货币）每（面积）","*/*","k货币/k面积","基本单位计算"]
["存储容量/时间","1/s","比特每秒","bit/s",1,"也写作bPS"]
[null,null,"数据包每秒","pps",null,"可加前缀k,M,G；换算方法不同","Mpps"]
[null,null,"发送过程每秒","tps",null,"可加前缀k,M,G；换算方法不同"]
[null,null,"（存储容量）每（时间）","*/*","k存储容量/k时间","基本单位计算；B/s也写作BPS",null,"MB/s，GB/s"]
["体积/时间","m3/s","立方米每秒","m3/s",1]
[null,null,"（体积）每（时间）","*/*","k体积/k时间","基本单位计算",null,"L/天，m3/天，L/h，m3/h，mL/min，L/s"]
["体积/质量","m3/kg","立方米每千克","m3/kg",1]
[null,null,"（体积）每（质量）","*/*","k体积/k质量","基本单位计算"]
["体积/体积",1,"立方米每立方米","m3/m3",1]
[null,null,"（体积）每（体积）","*/*","k体积1/k体积2","基本单位计算",null,"mL/m3"]
["体积/能量","m·s2/kg","立方米每焦","m3/J",1]
[null,null,"（体积）每（能量）","*/*","k体积/k能量","基本单位计算",null,"L/kWh"]
["体积/面积","m","立方米每平方米","m3/m2",1]
[null,null,"（体积）每（面积）","*/*","k体积/k面积","基本单位计算",null,"L/m2"]
["体积/(时间*数量）","m3/s","立方米每秒个","m3/(s个)",1]
[null,null,"（体积）每（时间）（数量）","*/*·*","k体积/k时间·k数量","基本单位计算；具体情况写法不同",null,"m3/(h人)"]
["体积/(时间*面积）","m/s","立方米每秒平方米","m3/(sm2)",1]
[null,null,"（体积）每（时间）（面积）","*/*·*","k体积/k时间·k面积","基本单位计算",null,"m3/(hm2)"]
["压强/长度","kg/s2·m2","帕每米","Pa/m",1]
[null,null,"（压强）每（长度）","*/*","k压强/k长度","基本单位计算"]
["电压/时间","kg·m2/A·s3","伏每秒","V/s",1]
[null,null,"（电压）每（时间）","*/*","k电压/k时间","基本单位计算",null,"V/μs"]
["功率/长度","kg·m/s3","瓦每米","W/m",1]
[null,null,"（功率）每（长度）","*/*","k功率/k长度","基本单位计算"]
["功率/温度","kg·m2/s3·K","瓦每开尔文","W/K",1]
[null,null,"（功率）每（温度）","*/*","k功率/k温度","基本单位计算；换算方法不同",null,"mW/℃"]
["功率/(面积*温度)","kg/s3·K","瓦每平方米开尔文","W/(m2K)",1]
[null,null,"（功率）每（面积）（温度）","*/*·*","k功率/k面积·k温度","基本单位计算；换算方法不同"]
["能量/质量","m2/s2","焦每千克","J/kg",1]
[null,null,"（能量）每（质量）","*/*","k能量/k质量","基本单位计算；具体情况写法不同",null,"kJ/kg.dra","（kJ/kg.dra）"]
["能量/面积","kg/s2","焦每平方米","J/m2",1]
[null,null,"（能量）每（面积）","*/*","k能量/k面积","基本单位计算",null,"kJ/m2"]
["电阻*长度","kg·m3/A2·s3","欧米","Ωm",1]
[null,null,"（电阻）（长度）","*·*","k电阻·k长度","基本单位计算"]
["电阻/长度","kg·m/A2·s3","欧每米","Ω/m",1]
[null,null,"（电阻）每（长度）","*/*","k电阻/k长度","基本单位计算"]
["电容/长度","A2·s4/kg·m3","法每米","F/m",1]
[null,null,"（电容）每（长度）","*/*","k电容/k长度","基本单位计算",null,"nF/m"]

{"sheet":"前缀","index":2,"n_rows":15,"n_cols":6,"rows_kept":15,"cut":false,"hidden":false,"merged":[[0,1,12,1]]}
[null,"前缀","符号","名称","代表数字","换算系数k"]
[null,null,"p","皮",{"$f":"10^-12","v":9.9999999999999998E-13},{"$f":"1/E2","v":1000000000000}]
[null,null,"n","纳",{"$f":"10^-9","v":1.0000000000000001E-9},{"$f":"1/E3","v":999999999.99999988}]
[null,null,"μ","微",{"$f":"10^-6","v":9.9999999999999995E-7},1000000]
[null,null,"m","毫",{"$f":"10^-3","v":1E-3},1000]
[null,null,"c","厘",{"$f":"10^-2","v":0.01},100]
[null,null,"d","分",{"$f":"10^-1","v":0.1},10]
[null,null,"k","千",{"$f":"10^3","v":1000},1E-3]
[null,null,"M","兆",{"$f":"10^6","v":1000000},9.9999999999999995E-7]
[null,null,"G","千兆",{"$f":"10^9","v":1000000000},1.0000000000000001E-9]
[null,null,"T","太",{"$f":"10^12","v":1000000000000},9.9999999999999998E-13]
[null,null,"P","拍",{"$f":"10^15","v":1000000000000000},1.0000000000000001E-15]
[null,null,"E","艾",{"$f":"10^18","v":1E+18},1.0000000000000001E-18]
[]
[null,"除计算机存储容量及其相关，10^3替换为2^10"]

{"sheet":"能耗折算","index":3,"n_rows":17,"n_cols":11,"rows_kept":17,"cut":false,"hidden":false,"merged":[[1,4,1,5],[1,6,1,7],[1,8,1,9]]}
[]
[{"$nulls":4},"折标煤系数",null,"折CO2系数",null,"折森林面积系数",null,"备注"]
[null,"code","name","单位","系数","单位","系数","单位","系数","单位"]
[null,1,"电","kWh",{"$f":"0.326/1000","v":3.2600000000000001E-4},"tce/kWh",{"$f":"E4*$G$15","v":0.83455999999999997},"kgCO2/kWh",{"$f":"G4*$I$16","v":3.9224319999999998E-4},"ha/kWh","CO2沿用数据字典原系数"]
[null,2,"供冷","kWh",{"$f":"0.0815/1000","v":8.1500000000000002E-5},"tce/kWh",{"$f":"E5*$G$15","v":0.20863999999999999},"kgCO2/kWh",{"$f":"G5*$I$16","v":9.8060799999999995E-5},"ha/kWh"]
[null,3,"供热","kWh",{"$f":"0.1228/1000","v":1.228E-4},"tce/kWh",{"$f":"E6*$G$15","v":0.31436799999999998},"kgCO2/kWh",{"$f":"G6*$I$16","v":1.4775295999999998E-4},"ha/kWh"]
[null,4,"自来水","m3",{"$f":"0.0857/1000","v":8.5699999999999996E-5},"tce/m3",{"$f":"E7*$G$15","v":0.21939199999999998},"kgCO2/m3",{"$f":"G7*$I$16","v":1.0311423999999999E-4},"ha/m3"]
[null,5,"燃气","m3",{"$f":"1.33/1000","v":1.33E-3},"tce/m3",{"$f":"E8*$G$15","v":3.4047999999999998},"kgCO2/m3",{"$f":"G8*$I$16","v":1.6002559999999998E-3},"ha/m3"]
[null,6,"燃油","L",{"$f":"1.224/1000","v":1.224E-3},"tce/L",{"$f":"E9*$G$15","v":3.1334400000000002},"kgCO2/L",{"$f":"G9*$I$16","v":1.4727168000000001E-3},"ha/L","CO2系数：IPCC"]
[null,7,"蒸汽","ton",{"$f":"0.1286","v":0.12859999999999999},"tce/t",{"$f":"E10*$G$15","v":329.21600000000001},"kgCO2/t",{"$f":"G10*$I$16","v":0.15473152000000001},"ha/t"]
[null,8,"热水","m3",{"$f":"E7","v":8.5699999999999996E-5},"tce/m3",{"$f":"E11*$G$15","v":0.21939199999999998},"kgCO2/m3",{"$f":"G11*$I$16","v":1.0311423999999999E-4},"ha/m3"]
[null,9,"汽油","L",{"$f":"1.067/1000","v":1.067E-3},"tce/L",{"$f":"E12*$G$15","v":2.7315200000000002},"kgCO2/L",{"$f":"G12*$I$16","v":1.2838144E-3},"ha/L","CO2：EDMC建议排放系数"]
[null,10,"原煤","ton",0.71430000000000005,"tce/t",{"$f":"E13*$G$15","v":1828.6080000000002},"kgCO2/t",{"$f":"G13*$I$16","v":0.85944576000000006},"ha/t","CO2系数：IPCC"]
[null,11,"焦炭","ton",0.97140000000000004,"tce/t",{"$f":"E14*$G$15","v":2486.7840000000001},"kgCO2/t",{"$f":"G14*$I$16","v":1.1687884799999999},"ha/t","CO2系数：IPCC"]
[null,12,"标煤","tce",1,"tce/tce",{"$f":"2.56*1000","v":2560},"kgCO2/tce",{"$f":"G15*$I$16","v":1.2032},"ha/tce","CO2系数：IPCC"]
[null,13,"CO2排放","kgCO2",{"$f":"1/G15","v":3.9062500000000002E-4},"tce/kgCO2",1,"kgCO2/kgCO2",4.6999999999999999E-4,"ha/kgCO2","森林系数沿用数据字典原系数"]
[null,14,"森林面积","ha",{"$f":"1/I16*E16","v":0.83111702127659592},"tce/ha",{"$f":"1/I16","v":2127.6595744680853},"kgCO2/ha",1,"ha/ha","年"]